Improving earthquake and cyclone resistance of structures : (Record no. 2624)

000 -LEADER
fixed length control field 00758nam a22002055i 4500
001 - CONTROL NUMBER
control field 2624
003 - CONTROL NUMBER IDENTIFIER
control field BD-DhUET
008 - FIXED-LENGTH DATA ELEMENTS--GENERAL INFORMATION
fixed length control field 121016s2012 ii ab b 001 0 eng d
020 ## - INTERNATIONAL STANDARD BOOK NUMBER
International Standard Book Number 9788179933022
040 ## - CATALOGING SOURCE
Original cataloging agency MYG
Language of cataloging eng
Transcribing agency MYG
Modifying agency BD-DhUET
082 04 - DEWEY DECIMAL CLASSIFICATION NUMBER
Classification number 624.17620954
Item number DUT/2012
100 1# - MAIN ENTRY--PERSONAL NAME
Personal name Dutta, Sekhar Chandra.
245 10 - TITLE STATEMENT
Title Improving earthquake and cyclone resistance of structures :
Remainder of title guidelines for the Indian subcontinent /
Statement of responsibility, etc. by Sekhar Chandra Dutta and Parthasarathi Mukhopadhyay.
260 ## - PUBLICATION, DISTRIBUTION, ETC. (IMPRINT)
Place of publication, distribution, etc. New Delhi:
Name of publisher, distributor, etc. The Energy and Resources Institute (TERI),
Date of publication, distribution, etc. 2012.
300 ## - PHYSICAL DESCRIPTION
Extent xxiv, 304p.
Other physical details illustrations, maps ;
Dimensions 25 cm.
504 ## - BIBLIOGRAPHY, ETC. NOTE
Bibliography, etc Includes bibliographies
650 #0 - SUBJECT ADDED ENTRY--TOPICAL TERM
Topical term or geographic name as entry element Earthquake engineering
Geographic subdivision South Asia
700 1# - ADDED ENTRY--PERSONAL NAME
Personal name Mukhopadhyay, Parthasarathi
942 ## - ADDED ENTRY ELEMENTS (KOHA)
Koha item type General Book
Holdings
Date acquired Source of classification or shelving scheme Lost status Copy number Koha item type Koha full call number Location (home branch) Not for loan Withdrawn status Damaged status Koha date last seen Koha normalized classification for sorting Sublocation or collection (holding branch) Price effective from Piece designation (barcode) Shelving location
2014-09-28  1General Book624.17620954/DUT/2012Central Library, BUET   2014-09-28624_000000000000000_17620954DUCentral Library, BUET2014-09-28112981Circulation section